| 000 | 00935nam a22001097a 4500 | ||
|---|---|---|---|
| 008 | 190715b xxu||||| |||| 00| 0 eng d | ||
| 010 | _aSCCAF:27 | ||
| 245 | _aSUPREME COURT CRIMINAL APPEAL NO.10 OF 1991 ABDU NGOBI VS UGANDA | ||
| 260 |
_aSUPREME COURT MENGO _c1991 |
||
| 500 | _a(CORAM: NANYIDO, D.C.J., PLATT, J.S.C AND SEATON, J. S.C.) | ||
| 500 | _a( APPEAL AGAINST CONVICTION AND SENTENCE OF THE HIGH COURT DECISION HOLDEN AT JINA (HON.MRS. L.E.M MUKASA- KIKONYOGO) DATED 7TH MARCH, 1991) HIGH COURT CRIMINAL SESSION CASE NO. 1/91 JUDGEMENT OF COURT | ||
| 999 |
_c8691 _d8691 |
||